Esses Poetas : Uma anologia dos años 90 = Esos poetas: una antología de los años 90 /
Spremljeno u:
| Glavni autor: | |
|---|---|
| Format: | Nepoznato |
| Jezik: | Portuguese |
| Izdano: |
Río de Janeiro :
Aeroplano Editora,
1998.
|
| Teme: | |
| Oznake: |
Dodaj oznaku
Bez oznaka, Budi prvi tko označuje ovaj zapis!
|
MARC
| LEADER | 000000000a22000000004500 | ||
|---|---|---|---|
| 001 | 012863 | ||
| 020 | |a 8586579025 | ||
| 041 | 0 | |a por | |
| 082 | 0 | 4 | |a 869.142 |b H722e |
| 100 | 1 | |a Holanda, Heloisa Buarque de | |
| 245 | 1 | 0 | |a Esses Poetas : |b Uma anologia dos años 90 = Esos poetas: una antología de los años 90 / |c Heloisa Buarque de Holanda. |
| 246 | 3 | 1 | |a Esos poetas: una antología de los años 90 |
| 260 | 1 | |a Río de Janeiro : |b Aeroplano Editora, |c 1998. | |
| 300 | |a 320 páginas | ||
| 650 | 4 | |a POESIA BRASILEÑA | |
| 650 | 4 | |a ANTOLOGIA | |
| 500 | |a Colección George Yúdice | ||
| 999 | |c 18809 |d 18809 | ||
| 942 | |c BK |h 869.142 H722e |2 z | ||



